Procedimientos Civiles Especiales
Saved in:
| Hovedforfatter: | |
|---|---|
| Andre forfattere: | , |
| Format: | Ukendt |
| Sprog: | engelsk |
| Udgivet: |
Santiago, Chile
Thomson Reuters
2020
|
| Udgivelse: | 1a.edición |
| Serier: | Colección Tratados y Manuales
|
| Fag: | |
| Tags: |
Tilføj Tag
Ingen Tags, Vær først til at tagge denne postø!
|
MARC
| LEADER | 00000 a2200000 4500 | ||
|---|---|---|---|
| 003 | CL-VaPUC | ||
| 005 | 20210629100925.0 | ||
| 008 | 210609b ||||| |||| 00| 0 eng d | ||
| 999 | |c 433060 |d 433058 | ||
| 020 | |a 9789564001654 | ||
| 040 | |c Pontificia Universidad Católica de Valparaíso | ||
| 082 | |a 347.8305 BES 2020 | ||
| 100 | |a Besser Valenzuela, Gonzalo Günther |9 861331 |e coordinador | ||
| 245 | |a Procedimientos Civiles Especiales | ||
| 250 | |a 1a.edición | ||
| 260 | |a Santiago, Chile |b Thomson Reuters |c 2020 | ||
| 300 | |a 477 páginas | ||
| 440 | |a Colección Tratados y Manuales |9 856339 | ||
| 583 | |k Cristina Rojas |c 20210609 | ||
| 650 | 0 | |a Procedimiento civil |9 254870 |z Chile | |
| 700 | |a Cortez Matcovich, Gonzalo |e coordinador |9 861329 | ||
| 700 | |a Hidalgo Muñoz, Carlos |e coordinador |9 861455 | ||
| 942 | |2 ddc |c BK | ||
| 952 | |0 0 |1 0 |2 ddc |4 0 |6 347_830500000000000_BES_2020 |7 0 |8 A |9 578073 |a BIBDER |b BIBDER |d 2021-06-09 |e 31 |g 0.00 |i 5584523 |l 5 |m 4 |o 347.8305 BES 2020 |p 5584523 |r 2024-06-12 |s 2024-06-12 |t 1 |v 0.00 |w 2021-06-09 |y BK |k DER | ||